Missing Word: '80s Song Titles II Quiz Stats

 Plays Quiz Updated Jun 29, 2017

Support Sporcle.
Go Orange.
Score 0/20 Timer 03:00
1 Play Today
Song Word % Correct
Another One Bites the ____Dust
99.6%
I ____ Rock 'n' RollLove
98.2%
Everybody Wants to Rule the _____World
95.5%
I Still Haven't ____ What I'm Looking ForFound
95%
Total ____ of the HeartEclipse
92.7%
Walk Like an ____Egyptian
89.1%
Sweet ____ O MineChild
88.5%
____ is a Place on EarthHeaven
87.7%
Let's ____Dance
81.5%
____ ChameleonKarma
80.6%
Song Word % Correct
Don't You ____ MeWant
76.1%
____ on MeTake
74.2%
(I Just) ____ in Your ArmsDied
71.3%
____ for NothingMoney
70.8%
____ MeCall
64.9%
Rock Me ____Amadeus
56.5%
____ to LoveAddicted
53.8%
Blame it on the ____Rain
46.2%
____ UpStraight
44.7%
Separate ____ (Worlds Apart)Ways
37.2%

Today's Daily Dose

Word Ladder
New Dimensions!

Quick Pick
'Animal' Fish

Get the Picture
Bird or Food?

You're not logged in!

Compare scores with friends on all Sporcle quizzes.
OR
Log In
Forgot?

From the Vault

Don't Eat the Yellow Snow

by BetterThanKate

Even if you're pretty sure it's lemon juice, it's probably safest to just follow this rule at all times.
Remove Ads.
Support Sporcle.
Get the best of Sporcle when you Go Orange. This ad-free experience offers more features, more stats, and more fun while also helping to support Sporcle. Thank you for becoming a member.

Show Comments

Extras

Top Quizzes Today


Score Distribution

Your Account Isn't Verified!

In order to create a playlist on Sporcle, you need to verify the email address you used during registration. Go to your Sporcle Settings to finish the process.

Report this User

Report this user for behavior that violates our Community Guidelines.

Details: